MARC details
| 000 -LEADER |
| fixed length control field |
02380cam a2200481 4500 |
| 008 - FIXED-LENGTH DATA ELEMENTS--GENERAL INFORMATION |
| fixed length control field |
090401t1995 xxu||||| |||| 00| 0 eng d |
| 020 ## - INTERNATIONAL STANDARD BOOK NUMBER |
| International Standard Book Number |
0419189807 |
| 035 ## - SYSTEM CONTROL NUMBER |
| System control number |
(Sirsi) u71125 |
| 041 ## - LANGUAGE CODE |
| Language code of text/sound track or separate title |
eng |
| 050 ## - LIBRARY OF CONGRESS CALL NUMBER |
| Classification number |
338.4369094 |
| 110 ## - MAIN ENTRY--CORPORATE NAME |
| Corporate name or jurisdiction name as entry element |
Committee of European Construction Economists |
| 9 (RLIN) |
1661 |
| 245 ## - TITLE STATEMENT |
| Title |
Construction economics in the Single European Market. |
| 260 ## - PUBLICATION, DISTRIBUTION, ETC. |
| Place of publication, distribution, etc. |
London |
| Name of publisher, distributor, etc. |
E & F N Spon |
| Date of publication, distribution, etc. |
1995 |
| 300 ## - PHYSICAL DESCRIPTION |
| Extent |
xxii,229p. ; 24cm. |
| 350 ## - PRICE (NR) (BK AM CF MU VM SE) [OBSOLETE] |
| Price |
48.5 |
| 520 ## - SUMMARY, ETC. |
| Summary, etc. |
Papers presented at the joint CEEC/UNTEC conference on construction economics held at the World Trade Centre, La Defense, Paris, May 1993. Papers:- Developing the role of the building surveyors within the European Community/ PELLING, J. - The impact of the Single Market on construction/ WEBB, M. - The construction econmist in Europe: roles and remuneration/ WADE, M. - Methods of measurement: Community comparisons/ O`LOUGHLIN, G. - A sample case study of building projects/ CHRISTENSEN, B. - Building as an investment process/ CONNAUGHTON, J. - La naissance d`une directive RRGA?/ de WILDT, R. - Exchange of data/ HUDSON, K. - Global costs (life-cycle costs)/ MOREAU, J. - Facilities management/ OWEN, D. - Cost planning and controlling building costs/ PENNANEN, A. - A model of professional training for a European construction economist/ RAMIREZ, A. - Total quality management in construction/ HARTMANN, M. - Impact of information technology on the construction industry/ ATKIN, B. - Risk mana |
| 650 ## - SUBJECT ADDED ENTRY--TOPICAL TERM |
| Topical term or geographic name entry element |
BUILT ENVIRONMENT-BUILDING COSTS |
| 650 ## - SUBJECT ADDED ENTRY--TOPICAL TERM |
| Topical term or geographic name entry element |
BUILDING INDUSTRY |
| 650 ## - SUBJECT ADDED ENTRY--TOPICAL TERM |
| Topical term or geographic name entry element |
BUILDING SURVEYORS |
| 650 ## - SUBJECT ADDED ENTRY--TOPICAL TERM |
| Topical term or geographic name entry element |
CEEC |
| 650 ## - SUBJECT ADDED ENTRY--TOPICAL TERM |
| Topical term or geographic name entry element |
CONFERENCES |
| 650 ## - SUBJECT ADDED ENTRY--TOPICAL TERM |
| Topical term or geographic name entry element |
CONSTRUCTION ECONOMICS |
| 650 ## - SUBJECT ADDED ENTRY--TOPICAL TERM |
| Topical term or geographic name entry element |
CONSTRUCTION ECONOMISTS |
| 650 ## - SUBJECT ADDED ENTRY--TOPICAL TERM |
| Topical term or geographic name entry element |
CONSTRUCTION INDUSTRY |
| 650 ## - SUBJECT ADDED ENTRY--TOPICAL TERM |
| Topical term or geographic name entry element |
COST DATA BANK |
| 650 ## - SUBJECT ADDED ENTRY--TOPICAL TERM |
| Topical term or geographic name entry element |
COST PLANNING |
| 650 ## - SUBJECT ADDED ENTRY--TOPICAL TERM |
| Topical term or geographic name entry element |
DATA EXCHANGE |
| 650 ## - SUBJECT ADDED ENTRY--TOPICAL TERM |
| Topical term or geographic name entry element |
EUROPEAN COMMUNITY |
| 650 ## - SUBJECT ADDED ENTRY--TOPICAL TERM |
| Topical term or geographic name entry element |
FACILITIES MANAGEMENT |
| 9 (RLIN) |
6240 |
| 650 ## - SUBJECT ADDED ENTRY--TOPICAL TERM |
| Topical term or geographic name entry element |
GREEN ISSUES |
| 650 ## - SUBJECT ADDED ENTRY--TOPICAL TERM |
| Topical term or geographic name entry element |
MANAGEMENT-BUSINESS MANAGEMENT-INFORMATION MANAGEMENT |
| 650 ## - SUBJECT ADDED ENTRY--TOPICAL TERM |
| Topical term or geographic name entry element |
LIF-CYCLE COSTING |
| 650 ## - SUBJECT ADDED ENTRY--TOPICAL TERM |
| Topical term or geographic name entry element |
PROPERTY INVESTMENT |
| 650 ## - SUBJECT ADDED ENTRY--TOPICAL TERM |
| Topical term or geographic name entry element |
QUALITY MANAGEMENT |
| 650 ## - SUBJECT ADDED ENTRY--TOPICAL TERM |
| Topical term or geographic name entry element |
RISK MANAGEMENT |
| 650 ## - SUBJECT ADDED ENTRY--TOPICAL TERM |
| Topical term or geographic name entry element |
SINGLE MARKET |
| 650 ## - SUBJECT ADDED ENTRY--TOPICAL TERM |
| Topical term or geographic name entry element |
TOTAL QUALITY MANAGEMENT |
| 650 ## - SUBJECT ADDED ENTRY--TOPICAL TERM |
| Topical term or geographic name entry element |
UNTEC |
| 690 ## - LOCAL SUBJECT ADDED ENTRY--TOPICAL TERM (OCLC, RLIN) |
| Topical term or geographic name as entry element |
BUILDING AND CONSTRUCTION-ECONOMICS |
| 700 ## - ADDED ENTRY--PERSONAL NAME |
| Personal name |
Drake, B. |
| International Standard Serial Number |
Editor |
| 942 ## - ADDED ENTRY ELEMENTS (KOHA) |
| Suppress in OPAC |
0 |
| 948 ## - LOCAL PROCESSING INFORMATION (OCLC); SERIES PART DESIGNATOR (RLIN) |
| c (OCLC) |
04/03/1997 |